Dates 2GM - Statistiques

Statistiques générales
  • Ce quiz a été pris 25 fois
    13 depuis la dernière actualisation
  • Le résultat moyen est 7 sur 33
Statistiques - réponses
événements dates % Correct
invasion Pologne par l’Allemagne 1 septembre 1939
100%
invasion des Pays-Bas, de la Belgique et de la Fr par les All 10 mai 1940
75%
appel à la résistance fr du général DG 18 juin 1940
75%
Fr signe l’armistice 22 juin 1940
75%
capitulation allemande 8 mai 1945
75%
capitulation Japon 2 septembre 1945
50%
Pearl Harbor 7 décembre 1941
50%
débarquement de Provence 15 août 1944
25%
opération Barbarossa 22 juin 1941
25%
libération de Paris 25 août 1944
25%
libération de Rome par les Alliés 4 juin 1944
25%
bombe A sur Hiroshima et Nagasaki (Oppenheimer) 6 et 9 août 1945
25%
opération Overlord, débarquement de Normandie commandé par général Eisenhower 6 juin 1944
25%
bataille de Moscou décembre 1941
25%
débarquement anglo saxon en AFN novembre 1942
25%
DUDH 1948
0%
bataille des Mariannes 19 juin 1944
0%
Charte de l’Atlantique (Roosevelt et Churchill) août 1941
0%
conférence de San Francisco création ONU avril 1945
0%
conférence de Téhéran décembre 1943
0%
procès de Nuremberg du 20 novembre 1945 au 30 septembre 1946
0%
conférence de Yalta février 1945
0%
conquête d’Iwo Jima février-mars 1945
0%
conférence de Wannsee “Solution finale” janvier 1942
0%
conférence de Casablanca janvier 1943
0%
bataille du Midway juillet 1942
0%
débarquement de Sicile juillet 1943
0%
conférence de Potsdam juillet 1945
0%
bataille d’Angleterre juillet-octobre 1940
0%
début opération Bagration juin-août 1944
0%
vote de la loi prêt bail par les EUA mars 1941
0%
invasion de l’Allemagne mars-avril 1945
0%
bataille de Stalingrad septembre 1942-février 1943
0%
Aucun quiz correspondant
Distribution des résultats
% des personnes avec chaque résultat
Percentile par nombre de réponses
Votre historique - résultats
Vous n’avez pas pris ce quiz depuis la dernière actualisation